| 000 | 01522nam a2200397Ia 4500 | ||
|---|---|---|---|
| 001 | ebr10662922 | ||
| 003 | CaPaEBR | ||
| 006 | m u | ||
| 007 | cr cn||||||||| | ||
| 008 | 090702s2009 nyua sb 001 0 eng d | ||
| 010 | _z 2009027066 | ||
| 020 | _z1608761096 (hardcover : alk. paper) | ||
| 020 | _z9781608761098 (hardcover : alk. paper) | ||
| 020 | _z9781612098548 | ||
| 040 |
_aCaPaEBR _cCaPaEBR |
||
| 035 | _a(OCoLC)704292669 | ||
| 050 | 1 | 4 |
_aCC79.5.H85 _bW44 2009eb |
| 082 | 0 | 4 |
_a930.1 _222 |
| 100 | 1 | _aWeiss, Elizabeth. | |
| 245 | 1 | 0 |
_aBioarchaeological science _h[electronic resource] : _bwhat we have learned from human skeletal remains / _cElizabeth Weiss. |
| 260 |
_aNew York : _bNova Science Publishers, _cc2009. |
||
| 300 |
_a152 p. : _bill. |
||
| 504 | _aIncludes bibliographical references (p. [119]-137) and index. | ||
| 533 |
_aElectronic reproduction. _bPalo Alto, Calif. : _cebrary, _d2013. _nAvailable via World Wide Web. _nAccess may be limited to ebrary affiliated libraries. |
||
| 650 | 0 | _aHuman remains (Archaeology) | |
| 650 | 0 | _aHuman biology. | |
| 650 | 0 |
_aHuman remains (Archaeology) _xAnalysis. |
|
| 650 | 0 |
_aBones _xAnalysis. |
|
| 650 | 0 |
_aHuman skeleton _xAnalysis. |
|
| 650 | 0 | _aHuman ecology. | |
| 650 | 0 | _aSocial ecology. | |
| 650 | 0 | _aPaleopathology. | |
| 655 | 7 |
_aElectronic books. _2local |
|
| 710 | 2 | _aebrary, Inc. | |
| 856 | 4 | 0 |
_uhttp://site.ebrary.com/lib/rucke/Doc?id=10662922 _zAn electronic book accessible through the World Wide Web; click to view |
| 999 |
_c171298 _d171298 |
||